Universos de azar y vacío (Registro nro. 324031)

Detalles MARC
000 -ENCABEZADO
Número de control [NR] 00664nam a22002057a 4500
005 - FECHA Y HORA DE LA ÚLTIMA TRANSACCIÓN
control field 20240523085210.0
008 - DE LONGITUD FIJA DE DATOS DE ELEMENTOS - INFORMACIÓN GENERAL
Elementos de longitud fija [NR] 240319t ||||| |||| 00| 0 spa d
020 ## - NUMERO INTERNACIONAL NORMALIZADO PARA LIBROS [R]
Número Internacional Normalizado del libro [NR] 9786289529340
040 ## - FUENTE DE CATALOGACION [NR]
Agencia de catalogación original [NR] CO-BoUCM
Quien Cataloga David Moreno
Quien Clasifica David Moreno
041 ## - CODIGO DE IDIOMA [R]
Código de idioma para texto/pista de sonido o título separado [R] Español
100 1# - ASIENTO PRINCIPAL--NOMBRE PERSONAL [NR]
Nombre personal [NR] Nassar Moor, Camilo
Fechas asociadas con el nombre [NR] 1954-
ID Autoridad 180355
245 10 - MENCION DE TITULO [NR]
Título [NR] Universos de azar y vacío
Mención de responsabilidad, etc. [NR] Camilo Nassar Moo
250 ## - MENCION DE EDICION [NR]
Mención de edición [NR] Primera edición.
260 ## - PUBLICACION, DISTRIBUCION, ETC. (PIE DE IMPRENTA) [R]
Lugar de publicación, distribución, etc. [R] Bogotá, COL
Nombre del editor, distribuidor, etc. [R] Taller de Edición Rocca
Fecha de publicación, distribución, etc. [R] 2023
300 ## - DESCRIPCION FISICA [R]
Extensión [R] 361 pages
490 ## - MENCION DE SERIE [R]
Mención de serie [R] Novela
650 ## - ASIENTO SECUNDARIO DE MATERIA - TERMINO TEMATICO [R]
Término temático o nombre geográfico como elemento de entrada [NR] Novela experimental
Subdivisión general [R] Ciencia ficcion
9 (RLIN) 180356
942 ## - ELEMENTOS DE ENTRADA AGREGADOS (KOHA)
Sistema de clasificación DEWEY
Tema principal Literatura
Tipo de ítem principal el descrito en 300a Libro
Edición 1
Clasificación 863.5
Parte restante de la signatura top. N265u
Título oculto en OPAC No
Existencias
Signatura topográfica Código de barras Última vez visto Ejemplar Costo de reposición Price effective from Tipo de ítem Perdido Sistema de clasificación Dañado No prestable Tipo de ítem específico Suprimido Ubicación habitual Ubicación actual Localización Fecha de creación Forma de adquisición
863.5 N265u 100172406 09/12/2025 Ej.1 26000.00 19/03/2024 Libro   DEWEY     Libro   Claustro Claustro 2do piso 19/03/2024 Donación